| 000 | 00337nam a2200145Ia 4500 | ||
|---|---|---|---|
| 008 | 230917s9999||||xx |||||||||||||| ||und|| | ||
| 040 |
_e62381 _aMAIN |
||
| 041 | _aEnglish | ||
| 082 | _a823 A19N | ||
| 100 | _aAbbas, Khwaja Ahmad | ||
| 245 | 0 | _aNaxalites | |
| 260 |
_aDelhi _bLok Publications _c1979 |
||
| 300 | _a111 p. | ||
| 942 | _cBK | ||
| 999 |
_c207063 _d207063 |
||